[Event "World Senior chT-65 2019"]
[Site "Rhodes"]
[Date "2019.04.16"]
[Round "1.44"]
[White "Baumbach, Friedrich"]
[Black "Bujinlkham, Purevdorj"]
[Result "1/2-1/2"]
[WhiteElo "2089"]
[BlackElo "1786"]
[Annotator "NA"]
[PlyCount "165"]
[EventDate "2019.04.16"]
[EventType "team-tourn"]
[EventCountry "GRE"]
[SourceTitle "playchess.com"]
[Source "ChessBase"]
[SourceQuality "1"]
[WhiteTeam "Germany"]
[BlackTeam "Mongolia"]
[WhiteTeamCountry "GER"]
[BlackTeamCountry "MGL"]
[TimeControl "40/5400+30:1800+30"]

1. d4 {[%emt 0:00:00]} d5 {[%emt 0:00:00]} 2. Nf3 {[%emt 0:00:15]} Nf6 {[%emt 0:00:02]} 3. Bg5 {[%emt 0:00:34]} e6 {[%emt 0:00:16]} 4. Nbd2 {[%emt 0:00:23]} Be7 {[%emt 0:00:17]} 5. e3 {[%emt 0:00:20]} O-O {[%emt 0:00:47]} 6. Bd3 {[%emt 0:00:28]} b6 {[%emt 0:00:57]} 7. Ne5 {[%emt 0:00:50]} Bb7 {[%emt 0:00:49]} 8. Bxf6 {[%emt 0:00:54]} Bxf6 {[%emt 0:00:32]} 9. f4 {[%emt 0:00:09]} c5 {[%emt 0:01:19]} 10. c3 {[%emt 0:00:12]} Nd7 {[%emt 0:06:59]} 11. O-O {[%emt 0:01:16]} g6 {[%emt 0:01:47]} 12. Qg4 {[%emt 0:02:15]} Bg7 {[%emt 0:02:19]} 13. h4 {[%emt 0:03:14]} f5 {[%emt 0:04:29]} 14. Qh3 {[%emt 0:01:38]} Nxe5 {[%emt 0:03:17]} 15. fxe5 {[%emt 0:00:42]} Qe7 {[%emt 0:03:57]} 16. g4 {[%emt 0:02:03]} Rf7 {[%emt 0:04:42]} 17. gxf5 {[%emt 0:04:07]} gxf5 {[%emt 0:02:44]} 18. Kh2 {[%emt 0:01:31]} Kh8 {[%emt 0:01:48]} 19. Rg1 {[%emt 0:04:18]} Bh6 {[%emt 0:00:43]} 20. Be2 {[%emt 0:02:26]} Rg8 {[%emt 0:05:38]} 21. Rxg8+ {[%emt 0:03:22]} Kxg8 {[%emt 0:00:02]} 22. Rg1+ {[%emt 0:00:38]} Rg7 {[%emt 0:00:32]} 23. Rxg7+ {[%emt 0:05:45]} Qxg7 {[%emt 0:02:26]} 24. Nf1 {[%emt 0:03:08]} Bc8 {[%emt 0:00:00]} 25. Qf3 {[%emt 0:01:38]} Bd7 {[%emt 0:01:42]} 26. Qh5 {[%emt 0:04:13]} Qg6 {[%emt 0:01:46]} 27. Qf3 {[%emt 0:02:28]} Qf7 {[%emt 0:02:19]} 28. Kh3 {[%emt 0:04:32]} Be8 {[%emt 0:05:21]} 29. Qg2+ {[%emt 0:01:48]} Kh8 {[%emt 0:01:40]} 30. Qf3 {[%emt 0:01:48]} Qf8 {[%emt 0:00:24]} 31. Bd3 {[%emt 0:03:38]} c4 {[%emt 0:02:04]} 32. Be2 {[%emt 0:00:43]} b5 {[%emt 0:00:11]} 33. Bd1 {[%emt 0:02:57]} b4 {[%emt 0:01:03]} 34. cxb4 {[%emt 0:04:18]} Qxb4 {[%emt 0:00:28]} 35. Qe2 {[%emt 0:00:37]} c3 {[%emt 0:07:49]} 36. bxc3 {[%emt 0:00:58]} Qxc3 {[%emt 0:00:38]} 37. Bb3 {[%emt 0:01:56]} Qb4 {[%emt 0:04:34]} 38. Qf3 {[%emt 0:01:31]} Qb6 {[%emt 0:08:05]} 39. Ng3 {[%emt 0:01:05]} Qd8 {[%emt 0:08:18]} 40. Ne2 {[%emt 0:02:22]} Bf7 {[%emt 0:00:41]} 41. Nf4 {[%emt 0:30:29]} Qe8 {[%emt 0:00:52]} 42. Bd1 {[%emt 0:00:00]} Qg8 {[%emt 0:00:37]} 43. Qg3 {[%emt 0:00:00]} Qe8 {[%emt 0:00:25]} 44. Qf3 {[%emt 0:00:00]} Qb5 {[%emt 0:02:20]} 45. Qe2 {[%emt 0:00:00]} Qb1 {[%emt 0:03:50]} 46. Qc2 {[%emt 0:00:00]} Qb7 {[%emt 0:01:58]} 47. Qc5 {[%emt 0:00:00]} Kg8 {[%emt 0:01:33]} 48. Qd6 {[%emt 0:00:00]} Qc8 {[%emt 0:04:50]} 49. Qe7 {[%emt 0:00:00]} Bxf4 {[%emt 0:04:16]} 50. exf4 {[%emt 0:00:00]} Qc3+ {[%emt 0:00:24]} 51. Kg2 {[%emt 0:00:00]} Qd2+ {[%emt 0:00:42]} 52. Kg3 {[%emt 0:00:00]} Qe1+ {[%emt 0:01:42]} 53. Kg2 {[%emt 0:00:00]} Qd2+ {[%emt 0:05:34]} 54. Kg3 {[%emt 0:00:00]} Qe1+ {[%emt 0:00:18]} 55. Kg2 {[%emt 0:00:00]} Qa5 {[%emt 0:04:25]} 56. Be2 {[%emt 0:00:00]} Qb6 {[%emt 0:02:23]} 57. Qg5+ {[%emt 0:00:00]} Kf8 {[%emt 0:00:04]} 58. Qh6+ {[%emt 0:00:00]} Ke8 {[%emt 0:01:32]} 59. Bh5 {[%emt 0:00:51]} Qb2+ {[%emt 0:00:13]} 60. Kg3 {[%emt 0:00:16]} Qc3+ {[%emt 0:01:36]} 61. Kg2 {[%emt 0:02:33]} Qb2+ {[%emt 0:01:14]} 62. Kg3 {[%emt 0:00:26]} Qa3+ {[%emt 0:00:10]} 63. Bf3 {[%emt 0:00:47]} Qxa2 {[%emt 0:00:32]} 64. Qxh7 {[%emt 0:01:13]} Qa5 {[%emt 0:00:52]} 65. Qh8+ {[%emt 0:03:34]} Kd7 {[%emt 0:00:15]} 66. Qh7 {[%emt 0:01:16]} Qe1+ {[%emt 0:00:14]} 67. Kg2 {[%emt 0:00:27]} Ke8 {[%emt 0:01:04]} 68. Qh8+ {[%emt 0:00:21]} Kd7 {[%emt 0:00:07]} 69. Qh7 {[%emt 0:00:07]} Qd2+ {[%emt 0:00:09]} 70. Kg3 {[%emt 0:00:26]} Ke8 {[%emt 0:00:08]} 71. Qh8+ {[%emt 0:00:12]} Kd7 {[%emt 0:00:28]} 72. Qh7 {[%emt 0:00:13]} Qe1+ {[%emt 0:00:16]} 73. Kg2 {[%emt 0:00:11]} Qd2+ {[%emt 0:01:25]} 74. Kg3 {[%emt 0:00:09]} Ke7 {[%emt 0:00:56]} 75. Bh5 {[%emt 0:02:20]} Qe3+ {[%emt 0:00:42]} 76. Kg2 {[%emt 0:00:15]} Qe4+ {[%emt 0:00:20]} 77. Kg3 {[%emt 0:00:33]} Qe3+ {[%emt 0:00:24]} 78. Kg2 {[%emt 0:00:10]} Qe4+ {[%emt 0:00:33]} 79. Kg3 {[%emt 0:00:08]} Qe1+ {[%emt 0:00:53]} 80. Kg2 {[%emt 0:00:12]} Qd2+ {[%emt 0:00:52]} 81. Kg3 {[%emt 0:00:12]} Qe3+ {[%emt 0:00:18]} 82. Kg2 {[%emt 0:00:08]} Qe4+ {[%emt 0:00:38]} 83. Kg3 {[%emt 0:00:12]} 1/2-1/2

[Event "World Senior chT-65 2019"]
[Site "Rhodes"]
[Date "2019.04.16"]
[Round "1.45"]
[White "Page, Mark E"]
[Black "Maki, Christer"]
[Result "1-0"]
[WhiteElo "2107"]
[BlackElo "1885"]
[Annotator "NA"]
[PlyCount "99"]
[EventDate "2019.04.16"]
[EventType "team-tourn"]
[EventCountry "GRE"]
[SourceTitle "playchess.com"]
[Source "ChessBase"]
[SourceQuality "1"]
[WhiteTeam "England"]
[BlackTeam "Sweden"]
[WhiteTeamCountry "ENG"]
[BlackTeamCountry "SWE"]
[TimeControl "40/5400+30:1800+30"]

1. e4 {[%emt 0:01:32]} g6 {[%emt 0:00:40]} 2. d4 {[%emt 0:00:00]} Bg7 {[%emt 0:01:06]} 3. Nc3 {[%emt 0:00:00]} d6 4. Nf3 {[%emt 0:06:33]} Bg4 {[%emt 0:03:32]} 5. Be3 {[%emt 0:13:10]} c6 {[%emt 0:05:15]} 6. Qd2 {[%emt 0:01:13]} Bxf3 {[%emt 0:00:10]} 7. gxf3 {[%emt 0:02:45]} Nd7 {[%emt 0:04:39]} 8. h4 {[%emt 0:05:28]} h5 {[%emt 0:04:28]} 9. O-O-O {[%emt 0:03:54]} Qa5 {[%emt 0:04:09]} 10. Kb1 {[%emt 0:02:59]} O-O-O {[%emt 0:12:21]} 11. f4 {[%emt 0:10:03]} Kb8 {[%emt 0:11:05]} 12. f3 {[%emt 0:01:12]} Bh6 {[%emt 0:05:16]} 13. Rg1 {[%emt 0:04:40]} Ngf6 {[%emt 0:08:27]} 14. Bh3 {[%emt 0:00:45]} Nb6 {[%emt 0:00:53]} 15. Ne2 {[%emt 0:06:12]} Qxd2 16. Bxd2 {[%emt 0:04:10]} e6 {[%emt 0:01:49]} 17. b3 {[%emt 0:03:50]} Nbd7 18. Bc3 {[%emt 0:07:16]} d5 {[%emt 0:08:14]} 19. e5 {[%emt 0:04:05]} Ne8 {[%emt 0:00:27]} 20. Bb4 {[%emt 0:00:28]} Rc8 21. Be7 {[%emt 0:05:39]} Bf8 {[%emt 0:02:10]} 22. Bxf8 {[%emt 0:00:35]} Rxf8 {[%emt 0:01:48]} 23. Kb2 {[%emt 0:03:53]} Nc7 24. Rd2 {[%emt 0:08:00]} b5 {[%emt 0:02:30]} 25. a4 {[%emt 0:00:30]} bxa4 {[%emt 0:01:08]} 26. Ra1 {[%emt 0:00:57]} Nb6 {[%emt 0:01:09]} 27. Nc3 {[%emt 0:00:59]} axb3 {[%emt 0:03:03]} 28. cxb3 {[%emt 0:04:39]} Kb7 {[%emt 0:00:41]} 29. Bf1 {[%emt 0:00:00]} a6 30. Ra5 {[%emt 0:01:13]} Nb5 {[%emt 0:01:01]} 31. Rd1 {[%emt 0:01:44]} Ra8 {[%emt 0:02:06]} 32. Na2 {[%emt 0:00:00]} f6 33. Nb4 {[%emt 0:05:16]} fxe5 {[%emt 0:09:46]} 34. Rda1 {[%emt 0:04:25]} Rxf4 {[%emt 0:00:26]} 35. Nxa6 {[%emt 0:00:00]} Rxa6 36. Rxa6 {[%emt 0:01:53]} Rxf3 {[%emt 0:06:49]} 37. Bxb5 {[%emt 0:00:22]} cxb5 {[%emt 0:00:22]} 38. Ra7+ {[%emt 0:01:51]} Kb8 {[%emt 0:02:11]} 39. Rg7 {[%emt 0:00:00]} Rf2+ 40. Kc3 {[%emt 0:00:00]} exd4+ 41. Kxd4 {[%emt 0:01:36]} Nc8 {[%emt 0:06:37]} 42. Rc1 {[%emt 0:00:00]} Nd6 43. Ke5 {[%emt 0:08:42]} Nf5 {[%emt 0:05:50]} 44. Rh7 {[%emt 0:00:00]} Re2+ 45. Kf6 {[%emt 0:00:32]} Nd6 {[%emt 0:05:40]} 46. Ke7 {[%emt 0:01:27]} Nf5+ {[%emt 0:00:19]} 47. Kd8 {[%emt 0:00:00]} Nd6 48. Kd7 {[%emt 0:02:16]} Nb7 {[%emt 0:00:48]} 49. b4 {[%emt 0:00:00]} d4 50. Ra1 {[%emt 0:02:01]} 1-0

[Event "World Senior chT-65 2019"]
[Site "Rhodes"]
[Date "2019.04.16"]
[Round "1.46"]
[White "Wihlborn, Bengt"]
[Black "James, Geoffrey H"]
[Result "0-1"]
[WhiteElo "1820"]
[BlackElo "2144"]
[Annotator "NA"]
[PlyCount "50"]
[EventDate "2019.04.16"]
[EventType "team-tourn"]
[EventCountry "GRE"]
[SourceTitle "playchess.com"]
[Source "ChessBase"]
[SourceQuality "1"]
[WhiteTeam "Sweden"]
[BlackTeam "England"]
[WhiteTeamCountry "SWE"]
[BlackTeamCountry "ENG"]
[TimeControl "40/5400+30:1800+30"]

1. Nf3 {[%emt 0:00:00]} Nf6 {[%emt 0:00:00]} 2. c4 {[%emt 0:00:00]} b6 {[%emt 0:00:00]} 3. g3 {[%emt 0:00:17]} Bb7 {[%emt 0:00:08]} 4. Bg2 {[%emt 0:00:09]} e6 {[%emt 0:00:25]} 5. O-O {[%emt 0:00:56]} Be7 {[%emt 0:00:38]} 6. Nc3 {[%emt 0:00:56]} O-O {[%emt 0:00:51]} 7. d4 {[%emt 0:01:21]} Ne4 {[%emt 0:01:16]} 8. Qc2 {[%emt 0:01:44]} Nxc3 {[%emt 0:01:25]} 9. bxc3 {[%emt 0:03:10]} f5 {[%emt 0:01:02]} 10. Ne5 {[%emt 0:00:35]} Bxg2 {[%emt 0:01:03]} 11. Kxg2 {[%emt 0:00:04]} d6 {[%emt 0:01:01]} 12. Nd3 {[%emt 0:00:46]} Qd7 {[%emt 0:03:54]} 13. a4 {[%emt 0:01:10]} Qc6+ {[%emt 0:01:48]} 14. Kg1 {[%emt 0:00:19]} Qxc4 {[%emt 0:00:41]} 15. a5 {[%emt 0:00:52]} b5 {[%emt 0:02:39]} 16. Re1 {[%emt 0:09:48]} Nc6 {[%emt 0:03:46]} 17. e4 {[%emt 0:03:02]} Nxd4 {[%emt 0:02:20]} 18. Qd1 {[%emt 0:01:52]} fxe4 {[%emt 0:09:05]} 19. cxd4 {[%emt 0:14:32]} exd3 {[%emt 0:04:21]} 20. Qg4 {[%emt 0:02:00]} Bf6 {[%emt 0:02:21]} 21. Bh6 {[%emt 0:06:32]} Kh8 {[%emt 0:10:28]} 22. Rac1 {[%emt 0:01:34]} Qxd4 {[%emt 0:02:20]} 23. Re4 {[%emt 0:00:56]} Qd5 {[%emt 0:01:44]} 24. Rxc7 {[%emt 0:06:08]} gxh6 {[%emt 0:00:32]} 25. Rxe6 {[%emt 0:00:41]} d2 {[%emt 0:02:16]} 0-1

[Event "World Senior chT-65 2019"]
[Site "Rhodes"]
[Date "2019.04.16"]
[Round "1.47"]
[White "Bray, David"]
[Black "Dalling, Peter"]
[Result "1/2-1/2"]
[WhiteElo "2121"]
[BlackElo "1830"]
[Annotator "NA"]
[PlyCount "30"]
[EventDate "2019.04.16"]
[EventType "team-tourn"]
[EventCountry "GRE"]
[SourceTitle "playchess.com"]
[Source "ChessBase"]
[SourceQuality "1"]
[WhiteTeam "England"]
[BlackTeam "Sweden"]
[WhiteTeamCountry "ENG"]
[BlackTeamCountry "SWE"]
[TimeControl "40/5400+30:1800+30"]

1. Nf3 {[%emt 0:00:00]} d5 {[%emt 0:00:00]} 2. d4 {[%emt 0:00:00]} Nf6 {[%emt 0:00:14]} 3. c4 {[%emt 0:00:00]} e6 {[%emt 0:01:08]} 4. g3 {[%emt 0:00:00]} Bb4+ {[%emt 0:01:49]} 5. Bd2 {[%emt 0:00:12]} Bxd2+ {[%emt 0:00:41]} 6. Nbxd2 {[%emt 0:00:24]} O-O {[%emt 0:01:48]} 7. Bg2 {[%emt 0:00:20]} Nbd7 {[%emt 0:01:12]} 8. Qc2 {[%emt 0:04:33]} b6 {[%emt 0:04:00]} 9. cxd5 {[%emt 0:04:09]} exd5 {[%emt 0:00:58]} 10. Qc6 {[%emt 0:16:25]} Ba6 {[%emt 0:00:24]} 11. Rc1 {[%emt 0:03:13]} Re8 {[%emt 0:04:30]} 12. e3 {[%emt 0:01:14]} Qe7 {[%emt 0:11:12]} 13. Qa4 {[%emt 0:04:10]} Bd3 {[%emt 0:00:00]} 14. Qb3 {[%emt 0:04:43]} Ba6 {[%emt 0:00:00]} 15. Qa4 {[%emt 0:01:53]} Bd3 {[%emt 0:01:06]} 1/2-1/2

[Event "World Senior chT-65 2019"]
[Site "Rhodes"]
[Date "2019.04.16"]
[Round "1.48"]
[White "Palsson, Bertil"]
[Black "Stokes, Michael"]
[Result "0-1"]
[WhiteElo "1785"]
[BlackElo "2092"]
[Annotator "NA"]
[PlyCount "86"]
[EventDate "2019.04.16"]
[EventType "team-tourn"]
[EventCountry "GRE"]
[SourceTitle "playchess.com"]
[Source "ChessBase"]
[SourceQuality "1"]
[WhiteTeam "Sweden"]
[BlackTeam "England"]
[WhiteTeamCountry "SWE"]
[BlackTeamCountry "ENG"]
[TimeControl "40/5400+30:1800+30"]

1. c4 {[%emt 0:00:00]} c5 {[%emt 0:00:00]} 2. Nf3 {[%emt 0:00:00]} Nf6 {[%emt 0:00:00]} 3. Nc3 {[%emt 0:00:00]} d5 {[%emt 0:00:00]} 4. cxd5 {[%emt 0:00:15]} Nxd5 {[%emt 0:00:00]} 5. g3 {[%emt 0:00:29]} Nc6 {[%emt 0:00:35]} 6. Bg2 {[%emt 0:01:10]} Nc7 {[%emt 0:00:09]} 7. O-O {[%emt 0:00:52]} e5 {[%emt 0:00:14]} 8. d3 {[%emt 0:00:22]} Be7 {[%emt 0:02:11]} 9. b3 {[%emt 0:00:45]} Be6 {[%emt 0:02:17]} 10. Bb2 {[%emt 0:01:32]} f6 {[%emt 0:00:26]} 11. Rc1 {[%emt 0:01:05]} O-O {[%emt 0:00:36]} 12. Nd2 {[%emt 0:05:23]} Nd5 {[%emt 0:03:42]} 13. Nce4 {[%emt 0:05:53]} b6 {[%emt 0:00:45]} 14. Nc4 {[%emt 0:02:00]} Qd7 {[%emt 0:07:20]} 15. Qd2 {[%emt 0:05:33]} Rad8 {[%emt 0:08:57]} 16. Rfd1 {[%emt 0:05:34]} Qe8 {[%emt 0:04:27]} 17. Nc3 {[%emt 0:09:33]} Ncb4 {[%emt 0:06:13]} 18. Ba1 {[%emt 0:00:58]} Nxc3 {[%emt 0:06:12]} 19. Bxc3 {[%emt 0:00:55]} Nd5 {[%emt 0:00:20]} 20. Bb2 {[%emt 0:01:03]} Qh5 {[%emt 0:02:41]} 21. Bf3 {[%emt 0:03:13]} Qf7 {[%emt 0:00:38]} 22. Ne3 {[%emt 0:01:40]} Bd6 {[%emt 0:04:16]} 23. Nxd5 {[%emt 0:06:00]} Bxd5 {[%emt 0:00:00]} 24. Bxd5 {[%emt 0:00:03]} Qxd5 {[%emt 0:00:12]} 25. Qc3 {[%emt 0:00:30]} b5 {[%emt 0:04:38]} 26. Qa5 {[%emt 0:01:17]} Qb7 {[%emt 0:02:10]} 27. Qd2 {[%emt 0:05:17]} f5 {[%emt 0:04:16]} 28. Ba3 {[%emt 0:04:01]} Qe7 {[%emt 0:03:16]} 29. Qe3 {[%emt 0:02:15]} b4 {[%emt 0:01:54]} 30. Bb2 {[%emt 0:00:24]} Rde8 {[%emt 0:01:35]} 31. Rc4 {[%emt 0:01:02]} g5 {[%emt 0:04:28]} 32. Qf3 {[%emt 0:03:22]} Rf6 {[%emt 0:04:58]} 33. h4 {[%emt 0:08:44]} Qf7 {[%emt 0:03:16]} 34. hxg5 {[%emt 0:02:20]} Rg6 {[%emt 0:02:53]} 35. Qh5 {[%emt 0:02:38]} f4 {[%emt 0:04:35]} 36. g4 {[%emt 0:04:56]} Qe7 {[%emt 0:03:50]} 37. f3 {[%emt 0:02:27]} Rxg5 {[%emt 0:00:11]} 38. Qh4 {[%emt 0:01:03]} h5 {[%emt 0:01:11]} 39. Kf2 {[%emt 0:00:00]} hxg4 {[%emt 0:00:00]} 40. fxg4 {[%emt 0:00:00]} Qg7 {[%emt 0:00:00]} 41. Rg1 {[%emt 0:04:43]} Re6 {[%emt 0:03:09]} 42. Kf3 {[%emt 0:03:28]} Rh6 {[%emt 0:00:50]} 43. Qf2 {[%emt 0:06:29]} e4+ {[%emt 0:02:59]} 0-1

[Event "World Senior chT-65 2019"]
[Site "Rhodes"]
[Date "2019.04.17"]
[Round "2.1"]
[White "Sveshnikov, Evgeny"]
[Black "Karason, Askell O"]
[Result "1-0"]
[WhiteElo "2481"]
[BlackElo "2252"]
[Annotator "TA"]
[PlyCount "65"]
[EventDate "2019.04.16"]
[EventType "team-tourn"]
[EventCountry "GRE"]
[SourceTitle "playchess.com"]
[Source "ChessBase"]
[SourceQuality "1"]
[WhiteTeam "Russia"]
[BlackTeam "Iceland"]
[WhiteTeamCountry "RUS"]
[BlackTeamCountry "ISL"]

{[%evp 9,65,21,50,33,50,39,41,37,38,37,98,35,37,28,21,-2,41,39,51,43,44,43,77,16,44,34,85,15,23,19,20,15,95,88,109,109,195,162,168,145,222,213,272,275,406,415,385,410,454,349,772,743,1235,503,768,750,1292,1264]} 1. e4 d6 2. d4 Nf6 3. Nc3 g6 4. Be3 c6 5. h3 Nbd7 6. Nf3 {B07: Pirc Defence: Miscellaneous Systems} (6. Bd3 e5 7. Nf3 Bg7 8. O-O O-O 9. Qd2 Re8 10. Rad1 b5 11. dxe5 dxe5 12. a4 a6 13. Ne2 Qe7 14. Ng3 Bb7 15. a5 c5 16. c4 b4 17. Bh6 {1-0 (49) Saric,I (2669)-Ponomariov,R (2694) Katowice 2017}) 6... e5 7. a4 Bg7 8. dxe5 {White is slightly better.} dxe5 9. Bc4 O-O (9... Qe7 $1 $14) 10. a5 ({White should play} 10. Qd6 $16) 10... Qe7 $14 11. O-O Nc5 12. Nd2 Be6 13. Bxc5 Qxc5 14. Bxe6 fxe6 15. Nb3 $36 {[%mdl 2048] White is pushing.} Qe7 16. g3 $146 (16. Qd3 $16) ({Predecessor:} 16. Qd3 Rfd8 17. Qe3 Nd7 {½-½ (71) White,I-Buckley,M (2015) Bristol 1997}) 16... Rf7 17. Qe2 Raf8 ({Better is} 17... Qb4 $14) 18. Rad1 (18. Qe3 $16) 18... Nh5 19. Rd3 Bh6 20. Na4 Re8 (20... b6 $11) 21. Nac5 Nf6 {[#]} 22. a6 $1 {[%cal Ra6b7]} bxa6 (22... b6 $16) 23. Rfd1 ({Don't take} 23. Nxa6 $6 Nd7 $16) 23... Qc7 24. Rd6 Bf8 (24... Qb6 $16) 25. Rxe6 $18 Bxc5 26. Nxc5 Rd8 (26... Qa5 {is a better defense.}) 27. Rxd8+ Qxd8 28. Rxc6 h6 29. Qd3 Qa5 $2 {[#]} (29... Qxd3 30. Nxd3 Kg7) 30. Kg2 {White is clearly winning.} Qe1 31. Qf3 (31. Qd8+ $142 Rf8 32. Qe7 {[%mdl 64] Double Attack}) 31... Kg7 (31... Ne8 $142) 32. Ne6+ Kh7 33. Nd8 {Accuracy: White = 57%, Black = 20%.} 1-0

[Event "World Senior chT-65 2019"]
[Site "Rhodes"]
[Date "2019.04.17"]
[Round "2.2"]
[White "Gudmundsson, Kristjan"]
[Black "Rashkovsky, Nukhim N"]
[Result "1/2-1/2"]
[WhiteElo "2268"]
[BlackElo "2488"]
[Annotator "TA"]
[PlyCount "36"]
[EventDate "2019.04.16"]
[EventType "team-tourn"]
[EventCountry "GRE"]
[SourceTitle "playchess.com"]
[Source "ChessBase"]
[SourceQuality "1"]
[WhiteTeam "Iceland"]
[BlackTeam "Russia"]
[WhiteTeamCountry "ISL"]
[BlackTeamCountry "RUS"]

{[%evp 16,36,0,-20,0,0,0,-9,24,-17,-15,-3,0,-25,34,32,22,0,57,62,64,70,85]} 1. e4 c5 2. Nf3 d6 3. d4 cxd4 4. Nxd4 Nf6 5. Nc3 a6 6. Bc4 e6 7. Bb3 Nbd7 {[%cal Bb8d7,Bd7c5,Bc5b3][%mdl 32]} 8. f4 Nc5 9. f5 (9. Qf3 {feels hotter.} b5 10. f5 e5 11. Nc6 Qd7 12. Na5) 9... Nxb3 {B86: Sicilian Scheveningen/Najdorf: 6 Bc4, without early ...b5} (9... Be7 {is interesting.} 10. Qf3 O-O 11. O-O Bd7 12. Be3 b5) (9... Bd7 10. O-O Be7 11. Bg5 Nxb3 12. axb3 O-O 13. Qd3 b5 14. b4 h6 15. Bh4 Ng4 16. Bxe7 Qxe7 17. b3 {½-½ (47) Ivanchuk,V (2764)-Wojtaszek,R (2726) Warsaw 2010}) 10. axb3 Be7 11. Qf3 Bd7 {The position is equal.} 12. Be3 (12. g4 $5 {[%cal Rg4g5]} h6 13. h4 $14) 12... e5 13. Nde2 Bc6 14. Bg5 $146 ({Predecessor:} 14. O-O-O h6 15. g4 b5 16. Ng3 b4 17. Nd5 Nxd5 18. exd5 Bb5 19. Ne4 {0-1 (34) Anka,E (2395)-Purtov,A (2430) Budapest 1993}) 14... Nd7 (14... O-O $11) 15. Bxe7 $14 Qxe7 16. O-O-O h5 (16... b5 $11) 17. Nd5 Bxd5 18. Rxd5 Nf6 1/2-1/2

[Event "World Senior chT-65 2019"]
[Site "Rhodes"]
[Date "2019.04.17"]
[Round "2.4"]
[White "Kristinsson, Jon"]
[Black "Pushkov, Nikolai"]
[Result "1-0"]
[WhiteElo "2094"]
[BlackElo "2295"]
[Annotator "TA"]
[PlyCount "47"]
[EventDate "2019.04.16"]
[EventType "team-tourn"]
[EventCountry "GRE"]
[SourceTitle "playchess.com"]
[Source "ChessBase"]
[SourceQuality "1"]
[WhiteTeam "Iceland"]
[BlackTeam "Russia"]
[WhiteTeamCountry "ISL"]
[BlackTeamCountry "RUS"]

{[%evp 22,47,10,5,7,18,14,13,8,-7,0,-15,-5,0,0,-9,49,45,178,156,264,242,272,3,484,474,1084,1101]} 1. d4 Nf6 2. c4 e6 3. Nc3 d5 4. cxd5 exd5 5. Bg5 Nbd7 6. e3 c6 7. Bd3 Be7 8. Qc2 Nh5 9. Bxe7 Qxe7 10. Nge2 g6 11. O-O-O Nb6 12. Kb1 Ng7 {D36: Queen's Gambit Declined: Exchange Variation: Main line (5 Bg5 c6 6 Qc2)} (12... Be6 13. f3 O-O-O 14. Nc1 Kb8 15. Nb3 Ng7 16. Rhe1 Rhe8 17. Qf2 Qc7 18. Rc1 Ka8 19. h3 Bf5 20. e4 {½-½ (51) Tomashevsky,E (2702)-Braun,A (2581) Biograd 2018}) 13. Rhe1 {[#]} Be6 $146 ({Predecessor:} 13... Bf5 14. Bxf5 Nxf5 15. Ng3 Nxg3 16. hxg3 O-O-O 17. e4 dxe4 18. Rxe4 Qc7 19. d5 cxd5 20. Re7 {½-½ (35) Hillarp Persson,T (2509)-Blomqvist,E (2552) Stockholm 2017}) 14. Nf4 O-O-O {The position is equal.} 15. Na4 Nxa4 16. Qxa4 Kb8 17. Rc1 Bf5 18. Rc3 {[%cal Bc1c3,Bc3a3,Ba3b3,Bb3b6][%mdl 32]} Bxd3+ (18... g5 $11 19. Bxf5 Nxf5) 19. Nxd3 $14 Nf5 {[#]} (19... Ne6 $1 $14) 20. Ra3 $1 $18 a6 {[#]} (20... b5 $16 {was called for.} 21. Qc2 Rc8) 21. Rb3 $1 Ka7 22. Qa5 $2 (22. Rc1 $18) 22... Rb8 $2 {[%mdl 8192]} (22... Nd6 $1 $11) 23. Nc5 Rhc8 (23... Nd6 $142 24. Qb6+ Ka8 25. Nxa6 bxa6 26. Qxa6+ Qa7 27. Qxc6+ {[%mdl 64] Double Attack} Rb7 28. Qxd6 Rxb3) 24. Rb6 {Accuracy: White = 42%, Black = 21%.} 1-0

[Event "World Senior chT-65 2019"]
[Site "Rhodes"]
[Date "2019.04.17"]
[Round "2.5"]
[White "Boehnisch, Manfred"]
[Black "Bellin, Robert"]
[Result "1/2-1/2"]
[WhiteElo "2287"]
[BlackElo "2315"]
[Annotator "TA"]
[PlyCount "51"]
[EventDate "2019.04.16"]
[EventType "team-tourn"]
[EventCountry "GRE"]
[SourceTitle "playchess.com"]
[Source "ChessBase"]
[SourceQuality "1"]
[WhiteTeam "Germany"]
[BlackTeam "England"]
[WhiteTeamCountry "GER"]
[BlackTeamCountry "ENG"]

{[%evp 15,51,0,0,-8,16,0,13,-3,0,0,9,-4,28,16,33,17,20,13,25,20,20,13,22,0,16,15,29,35,30,19,31,21,31,22,58,0,6,19]} 1. e4 c5 2. Nf3 Nc6 3. d4 cxd4 4. Nxd4 Nf6 5. Nxc6 bxc6 6. Nc3 d6 7. Bc4 e6 8. O-O Be7 9. Bf4 {B45: Sicilian Four Knights} (9. Qe2 Qa5 10. Bd2 Qh5 11. Qxh5 Nxh5 12. f4 d5 13. Bd3 O-O 14. e5 g6 15. Na4 c5 16. c4 Ng7 {0-1 (48) Kofidis,A (2408)-Naoum,S (2283) Achaea 2016}) 9... e5 10. Bg5 h6 11. Bh4 g5 12. Bg3 Qb6 $146 ({Predecessor:} 12... h5 13. h4 Ng4 14. Qf3 Be6 15. Bxe6 fxe6 16. hxg5 Bxg5 17. Rfd1 Rb8 {1-0 (31) Sarana,A (2209)-Kungurov,A (2054) Kazan 2013}) 13. Bb3 Bg4 14. Qd3 Bh5 15. Kh1 Bg6 16. f3 Qb7 17. Qc4 O-O 18. Rad1 Rac8 19. Qa4 Nd7 20. Bf2 Nb6 21. Qa5 Kg7 22. Na4 {[%cal Ra4b6]} Rb8 23. c4 Nxa4 24. Qxa4 c5 {[#]} 25. Rd2 (25. Bxc5 $1 $14 {[%mdl 512]} dxc5 26. Rd7) 25... Qb4 26. Rfd1 {Accuracy: White = 44%, Black = 35%.} 1/2-1/2